People Who Were Born and Died on Different Continents - Statistics

General Stats
  • This quiz has been taken 62 times
  • The average score is 13 of 53
Answer Stats
Hint Answer % Correct
1879 Germany 1955 United States Albert Einstein
87%
1769 France 1821 UK (St. Helena) Napoleon Bonaparte
87%
1879 Georgia 1953 Russia Joseph Stalin
83%
1728 United Kingdom 1779 US (Hawaii) James Cook
69%
-356 Greece -323 Iraq Alexander the Great
67%
1910 North Macedonia 1997 India Mother Teresa
67%
1460 Portugal 1524 India Vasco da Gama
62%
1480 Portugal 1521 Philippines Ferdinand Magellan
60%
1940 United Kingdom 1980 United States John Lennon
54%
1856 Croatia 1943 United States Nikola Tesla
50%
1879 Ukraine 1940 Mexico Leon Trotsky
48%
1946 Tanzania 1991 United Kingdom Freddie Mercury
42%
1940 United States 1973 China (Hong Kong) Bruce Lee
37%
-247 Tunisia -183 Turkey Hannibal
31%
1942 United States 1970 United Kingdom Jimi Hendrix
31%
1848 France 1903 French Polynesia Paul Gauguin
31%
1943 United States 1971 France Jim Morrison
25%
5 Turkey 66 Italy Saint Paul
25%
1913 Algeria 1960 France Albert Camus
23%
1917 Philippines 1989 US (Hawaii) Ferdinand Marcos
23%
1540 United Kingdom 1596 Panama Francis Drake
23%
1924 Zimbabwe 2019 Singapore Robert Mugabe
23%
1931 Russia (Asia) 2007 Russia (Europe) Boris Yeltsin
19%
1901 Italy 1954 United States Enrico Fermi
19%
1938 Ghana 2018 Switzerland Kofi Annan
19%
272 Serbia 337 Turkey Constantine the Great
17%
-1 Israel 67 Italy Saint Peter
17%
1494 Turkey 1566 Hungary Suleiman the Magnificent
15%
-800 Turkey -750 Greece Homer
13%
1892 South Africa 1973 United Kingdom J. R. R. Tolkien
13%
1865 India 1936 United Kingdom Rudyard Kipling
12%
1930 United Kingdom 2020 Bahamas Sean Connery
12%
1947 United Kingdom 2016 United States David Bowie
10%
1871 New Zealand 1937 United Kingdom Ernest Rutherford
10%
1927 Colombia 2014 Mexico Gabriel García Márquez
10%
1847 United Kingdom 1922 Canada Alexander Graham Bell
8%
53 Spain 117 Turkey Trajan
8%
1929 Egypt 2004 France Yasser Arafat
8%
1899 United Kingdom 1980 United States Alfred Hitchcock
6%
1927 United States 2016 Thailand Bhumibol Adulyadej
6%
1903 India 1950 United Kingdom George Orwell
6%
1928 United States 1999 United Kingdom Stanley Kubrick
6%
1888 United States 1965 United Kingdom T. S. Eliot
6%
1903 United States 1977 Spain Bing Crosby
4%
1834 Russia (Asia) 1907 Russia (Europe) Dmitri Mendeleev
4%
1932 United Kingdom 2011 United States Elizabeth Taylor
4%
1882 Russia 1971 United States Igor Stravinsky
4%
1899 Argentina 1986 Switzerland Jorge Luis Borges
4%
-484 Turkey -425 Italy Herodotus
2%
1920 Russia 1992 United States Isaac Asimov
2%
1922 United States 1969 United Kingdom Judy Garland
2%
1909 Ghana 1972 Romania Kwame Nkrumah
2%
1490 Turkey (Asia) 1588 Turkey (Europe?) Sinan
0%
No matching quizzes found
Score Distribution
Percent of People with Each Score
Percentile by Number Answered
Your Score History
You have not taken this quiz